000
00288nam a22001337a 4500
008
170314b xxu||||| |||| 00| 0 eng d
020
_a
9781606922415
041
_a
eng
080
_a
591
100
_a
7
101
_a
SHM
245
_a
ENDANGERED SPECIES
_c
COLUMBUS.A.M
942
_2
udc
_c
BK
999
_c
7776
_d
7776